Legfőbb a megelőzés tanácskozás a gyermek- és ifjúságvédelem időszerű kérdéseiről
Elmentve itt :
| Dokumentumtípus: | Cikk |
|---|---|
| Megjelent: |
1964-05-29
|
| Sorozat: | Délmagyarország
54 No. 124 |
| Kulcsszavak: | Gyermekvédelem Szeged 1964, gyermek- és ifjúságvédelem |
| Online Access: | http://dmarchiv.bibl.u-szeged.hu/73161 |
| LEADER | 00514nab a2200145 i 4500 | ||
|---|---|---|---|
| 001 | delm73161 | ||
| 005 | 20180928082631.0 | ||
| 008 | 180928s1964 hu o 0|| hun d | ||
| 040 | |a SZTE Délmagyarország Archívum |b hun | ||
| 041 | |a hun | ||
| 245 | 0 | 0 | |a Legfőbb a megelőzés |h [elektronikus dokumentum] : |b tanácskozás a gyermek- és ifjúságvédelem időszerű kérdéseiről |
| 260 | |c 1964-05-29 | ||
| 300 | |a 3 | ||
| 490 | 0 | |a Délmagyarország |v 54 No. 124 | |
| 695 | |a Gyermekvédelem Szeged 1964, gyermek- és ifjúságvédelem | ||